National Park Multiple Choice - Statistics

General Stats
  • This quiz has been taken 18 times
  • The average score is 7 of 15
Answer Stats
Question Answer % Correct
What is the least visited national park in the U.S? Gates of the Arctic
86%
What national park is one of the natural wonders of the world? Grand Canyon
86%
What was the first national park to be established? Yellowstone
86%
What national park is the longest cave system in the world? Mammoth Caves
71%
What is the smallest national park? Gateway Arch
57%
What is the most visited national park in the U.S? Great Smokey Mountains
57%
What national park is home to the largest cactus? Saguaro
57%
What year was the oldest national park established in? 1872
43%
What president established the first national park? Ulysses S. Grant
43%
What national park is bigger than Switzerland? Wrangell-St. Elias
29%
How many national parks are there? 59
14%
What national park is 95% underwater? Biscayne
14%
What state has the most national parks? California
14%
In what national park can you find rocks that are up to 270 million years old? Capital Reef
14%
What president established the greatest number of national parks? Jimmy Carter
0%
No matching quizzes found
Score Distribution
Percent of People with Each Score
Percentile by Number Answered
Your Score History
You have not taken this quiz